000 00461nam a22001817a 4500
003 CEME
005 20221202161444.0
008 210120b xxu||||| |||| 00| 0 eng d
040 _cceme
082 _a340.1 FRE
100 _aFreeman, M.D.A
_973825
245 _aLloyd's introduction to jurisprudence
250 _a7TH
260 _aRAWALPINDI
_bNATIONAL BOOK FOUNDATION
_c2007
300 _aXL,1510 P
650 _aJURISPRUDENCE
_935222
942 _cBK
_2ddc
999 _c579467
_d579467